000 00683cab a2200193 4500
001 L135841
008 061213n2006 000 0 eng u
035 _a(Sirsi) u135841
041 0 _aeng
100 1 _aMcAllister, Sean
245 0 0 _aRegional
_bKent
260 _c2006
490 0 _aProperty Week
_v71(44) 24 November 2006, 103-119(7)
520 _aLooks at Gillingham's ailing retail centre. A development is underway to deliver Kent's first 1m sq ft shed, and Kent Science Park, which as to grow by 1.5 million sq ft in a bid to attract big occupiers.
590 _aKA
651 4 _aKENT
690 _aPROPERTY-COMMERCIAL PROPERTY-COMMERCIAL PROPERTY MARKET
942 _n0
999 _c78032
_d78032